| 000 | 01097nam a22002417a 4500 | ||
|---|---|---|---|
| 005 | 20120614170415.0 | ||
| 008 | 081007t xxu||||| |||| 00| 0 mar d | ||
| 010 | _aMAR-22230 | ||
| 020 | _c150.00 | ||
| 035 | _aMR-14888 | ||
| 037 | _bD.B.Act /pub | ||
| 082 | _a891.461 | ||
| 100 |
_aजगदाळे, कुन्ता नारयण _949115 |
||
| 245 |
_aस्पंदन / _cकुन्ता नारयण जगदाळे |
||
| 246 |
_aSpandan _bby Kunta Narayan Jagdare |
||
| 260 |
_aसोलापूर _bनारायण जगदाळे _c2012 |
||
| 270 |
_bअमरावती _aश्याम नगर,कॉंग्रेस नगर रोड, _e416416 |
||
| 300 |
_a131पृ _c22सेमी (अजिल्द) |
||
| 650 |
_aमराठी कवितासंग्रह _949453 |
||
| 650 |
_aMarathi Poetry _949454 |
||
| 942 |
_2ddc _cMR _mजगदा _h891.461 |
||
| 999 |
_c68127 _d68127 |
||